[Event "Norway Chess 1st"]
[Site "Stavanger"]
[Date "2013.05.15"]
[Round "7"]
[White "Hammer, Jon Ludvig"]
[Black "Carlsen, Magnus"]
[Result "0-1"]
[WhiteElo "2608"]
[BlackElo "2868"]
[Annotator "Marin,M"]
[PlyCount "80"]
[EventDate "2013.05.08"]
[EventType "tourn"]
[EventRounds "9"]
[EventCountry "NOR"]
[EventCategory "21"]
[SourceTitle "CBM 155"]
[Source "ChessBase"]
[SourceDate "2013.07.16"]
[SourceVersion "1"]
[SourceVersionDate "2013.07.16"]
[SourceQuality "1"]

1. d4 Nf6 2. c4 e6 3. Nf3 d5 4. g3 dxc4 5. Bg2 Bb4+ 6. Bd2 a5 7. Qc2 Bxd2+ 8.
Qxd2 c6 9. a4 Ne4 $5 {A relatively unexplored continuation. Rather than
sticking to his extra pawn, Black intends to return it and get a solid
position with comfortable development and prospects for counterplay.} ({
The main line goes} 9... b5 {, the last top level example being} 10. Na3 {
Anand,V (2787)-Topalov,V (2805)/Sofia 2010/CBM 136/[Marin,M] (1-0, 32)}) 10.
Qc2 {The most frequent and at the same time most natural answer. The queen
attacks the knight and the pawn, allowing the rapid connection between the
rooks. The only drawback of this move is placing the queen on a vulnerable
square, causing White to spend another tempo after the predictable ...Na6-b4.}
(10. Qc1 {avoids this deffect, but is not without some hidden deffects.} Nd6
11. Ne5 Na6 {After this mechanical move, White has chances to retain an edge.}
(11... Qb6 $5 {is based on the fact that with the queen on c1 White may not be
so well prepared to sacrifice the d4-pawn.} 12. e3 f6 13. Nxc4 Nxc4 14. Qxc4
Qxb2 $44 {Black's extra pawn should compensate for White's space advantage and
active bishop.}) 12. O-O O-O 13. Nd2 Nb4 14. Ndxc4 f6 15. Rd1 Nxc4 16. Nxc4 Bd7
17. e4 Be8 18. Qc3 $14 {Yevseev,D (2520)-Makarov,M (2518)/St Petersburg 2010/
CBM 137 (1-0, 45)}) (10. Qe3 Nd6 (10... Qb6 11. O-O Qxb2 12. Na3 Nc3 13. Nd2
$16) 11. Nbd2 O-O 12. O-O b5 (12... Na6 {looks like an important alternative.}
13. Rfc1 Nb4 14. Nxc4 Nxc4 15. Rxc4 Qd6 {In view of the threat Ne5, Black has
to delay ...b6 for a while.} 16. Rac1 Rd8 17. Ne5 $6 f6 18. Nd3 Nd5 19. Qd2 Nb6
{[%csl Ga4,Gd4]}) 13. Qf4 Bb7 14. e4 Na6 15. e5 Nf5 16. g4 Ne7 17. Ne4 Ng6 18.
Qg3 Nb4 $13 {Ju Wenjun (2528)-Kosteniuk,A (2489)/Istanbul 2012 (1/2, 64)}) (10.
Qf4 Nd6 ({With the queen on f4,} 10... Qb6 {looks more playable than after
Qd2-e3, since the e2-pawn is hanging.} 11. O-O Qxb2 12. Nbd2 Nc3 13. Qe3 Nd5
$13) 11. Na3 Na6 12. Ne5 O-O 13. O-O Nb4 14. Naxc4 Nxc4 15. Nxc4 b6 16. Rfd1
Ba6 17. Rac1 Rb8 18. b3 Qe7 19. Rd2 f6 {Black has a flexible position and
launched his counterplay a few moves later in Cioara,A (2483)-Landa,K (2641)/
Germany 2012/CBM 152 (0-1, 40)}) 10... Nd6 11. Nbd2 (11. O-O Na6 12. Na3 Nb4
13. Qc1 b5 (13... O-O {is in the spirit of our main game.}) 14. Ne5 Ra6 15. Rd1
Bd7 16. e4 O-O 17. d5 cxd5 {1/2 Brunello,S (2475)-Korneev,O (2651)/Porto Mannu
2008/CBM 124 Extra. Massive simplifications are to be expected.}) (11. Ne5 Na6
(11... Qb6 {could be met with} 12. Na3 Qxd4 13. Naxc4 Nxc4 14. Nxc4 {, since
the queen does not prevent the rapid rook activation in the centre.}) 12. Na3 (
12. e3 Nb4 13. Qc3 O-O 14. O-O Qc7 15. Na3 b6 16. Naxc4 Nxc4 {1/2 Melkumyan,H 
(2593)-Nielsen,P (2670)/Aix-les-Bains 2011/CBM 142}) 12... Nb4 13. Qc3 Nd5 14.
Qc2 Qb6 15. O-O-O {Quite an unusual plan. The king is not that exposed and
could become active in the endgame.} Qb4 16. Naxc4 Nxc4 17. Qxc4 f6 18. Qxb4
axb4 19. Nd3 Rxa4 20. Kc2 Ke7 21. Kb3 Ra8 22. Ra1 Rxa1 23. Rxa1 Rd8 24. Ra7 Kd6
25. Nxb4 Nc7 $11 {(0-1, 57) Zablotsky,S (2518)-Maletin,P (2556)/Novokuznetsk
2007/EXT 2009. The reduced material on board and the excellent king
centralisation allows Black to have confidence in his chances.}) (11. Na3 b5 (
11... Na6 12. Nxc4 Nb4) 12. Ne5 (12. O-O Ra7 13. e4) 12... Ra6 13. O-O Rb6 {
0-1 (40) Chapman,T (2279)-Shirov,A (2708)/Hinckley ENG 2013/TWC 965}) 11... Na6
12. Nxc4 Nb4 13. Nxd6+ Qxd6 14. Qd2 O-O 15. O-O Rd8 $146 {A new move which
does not change the essence of the position, though.} (15... b6 16. Rac1 Ba6
17. Rfd1 Rac8 18. Bf1 Rfd8 19. Qf4 Qxf4 20. gxf4 f6 21. e3 {1/2 Ragger,M (2662)
-Wojtaszek,R (2705)/Porto Carras 2011/CBM 146}) 16. Rfd1 b6 17. Qc3 Ba6 18. Rd2
Rac8 $11 {This is the kind of position Black has been aiming for. After the
exchange of two minor pieces, Black's relative lack of space does not cause
him any problems of coordination. The b4-knight is very strong and the
thematic break ...c6-c5 is in the air.} 19. Rad1 Qe7 20. h4 c5 {Black could
still have prepared this pawn break.} (20... Rc7 {[%cal Gf7f6,Ge7f7,Gc7d7] In
the meanwhile, it would not be easy to suggest an active plan for White.}) 21.
dxc5 Rd5 {This was probably meant to confuse the opponent and it eventually
did.} (21... Rxd2 22. Qxd2 Qxc5 $11 {looks safe enough.}) 22. Rxd5 (22. Ne5 $5
{may have retained some initiative for White:} Bxe2 $1 (22... Rcxc5 23. Qe3
Rxd2 24. Rxd2 Nd5 25. Qb3 $14 {[%csl Gb6,Gd7][%cal Ge2e4]}) 23. Bxd5 Bxd1 24.
Bc4 Bxa4 25. cxb6 {[%cal Gc3a3] This pawn will not be easy to eliminate, which
keeps Black under some prolonged pressure.} Be8 (25... Qc5 26. Bxe6 $1 Qxc3 27.
bxc3 fxe6 28. cxb4 axb4 29. Ra2 Bb5 30. b7 $18) 26. Qd4 (26. Qa3 Qc5) 26... Rb8
27. Bf1 Nd5 28. Nc4 Bb5 29. Qe5 Qf8 30. b3 $5 $14 {/=}) 22... Nxd5 23. Qe5 Qxc5
24. Bh3 Re8 25. Nd4 Kf8 26. Bf1 ({In for a penny...} 26. Bxe6 Nf6 (26... fxe6
$2 27. Nxe6+ Rxe6 28. Qxe6 $18) 27. Qf5 Qxf5 28. Bxf5 Bxe2 $11) 26... Rc8 {
White did not play with a clear plan, but the position remains... safe for
both sides. The next move is simply asking for trouble.} 27. Nb5 $2 (27. Nf5
Nf6 28. Qxc5+ Rxc5 29. Rd8+ Ne8 30. Nd6 (30. Nxg7 Kxg7 31. Rxe8 Rc2 32. b3 Rc1
33. Kg2 Bb7+ 34. f3 Bd5 35. Rb8 Bxb3 36. Rxb6 Bxa4 37. Ra6 Rc5 $15 {[%cal
Ga4b3,Ga5a4]}) 30... Ke7 31. Rxe8+ Kxd6 32. Rd8+ Ke7 (32... Kc7 33. Rg8) 33.
Rb8 $11) 27... Bxb5 28. axb5 Nf6 {The b5-pawn is very weak. Besides, the
absence of the knight prevents White from creating any counterplay.} 29. Qd6+
Ke8 30. Qd3 Qd5 31. Qxd5 exd5 32. e4 (32. Rd2 Rc4 33. e3 Rb4 $17 {[%cal Ge8e7,
Ge7d6]}) (32. e3 Rc2 33. b4 axb4 34. Rb1 Ng4 $17) 32... Rc2 $1 (32... dxe4 33.
Rd6 Nd7 34. Bh3 Rc1+ 35. Kg2 Nc5 36. Rxb6 Rc2 $17 {This is not too easy to
evaluate in advance, so Carlsen's choice must be regarded as more technical.})
33. e5 (33. exd5 Rxb2 34. d6 Kd8) 33... Ne4 34. Rxd5 Rxb2 35. Rd4 Rb4 36. Rd1 (
36. Rxb4 axb4 37. Bc4 Nd2 $19) 36... a4 $19 37. Bg2 Nc3 38. Bc6+ Ke7 39. Rd7+
Ke6 40. Ra7 Kxe5 (40... Kxe5 41. Kf1 (41. Rxf7 a3 42. Ra7 Ra4 $19) 41... Rb3
42. Be8 f6 {[%csl Rb5][%cal Ge5d4,Gd4c5,Gc5b4]}) 0-1

[Event "Dortmund SuperGM 35th"]
[Site "Dortmund"]
[Date "2007.06.30"]
[Round "6"]
[White "Kramnik, Vladimir"]
[Black "Naiditsch, Arkadij"]
[Result "1-0"]
[WhiteElo "2772"]
[BlackElo "2654"]
[Annotator "Marin,M"]
[PlyCount "94"]
[EventDate "2007.06.23"]
[EventType "tourn"]
[EventRounds "7"]
[EventCountry "GER"]
[EventCategory "20"]
[SourceTitle "CBM 119"]
[Source "ChessBase"]
[SourceDate "2007.08.01"]
[SourceVersion "1"]
[SourceVersionDate "2007.08.01"]
[SourceQuality "1"]

1. d4 Nf6 2. c4 e6 3. g3 d5 4. Bg2 dxc4 5. Nf3 Nc6 6. Qa4 Nd7 7. Qxc4 Nb6 8.
Qb5 {During last year's edition, the same position arose in the game between
these same players.} a6 {Despite the favourable result of the previous
encounter (a draw against a mighty opponent) Naiditsch decides to step aside
from the dispute initiated with that occasion.} (8... Bd7 9. Qb3 Na5 10. Qd3 c5
11. dxc5 Bxc5 12. Qc3 Rc8 13. Qxg7 Bf8 14. Qxh8 $1 ({In my notes to the
aforementioned game, I expressed my doubts whether Black has any compensation
after the brave capture of the undefended rook.} 14. Qg5 $6 {Kramnik,V (2743)
-Naiditsch,A (2664)/Dortmund 2006 [Marin]/CBM 113 (1/2-1/2, 44)}) 14... Rxc1+
15. Kd2 Rc5 16. Nc3 Nbc4+ 17. Ke1 Bc6 18. b4 Bxf3 19. Bxf3 Qd2+ 20. Kf1 Re5 21.
bxa5 Qxc3 22. Kg2 {Khenkin,I (2586)-Martinsen,S (2147)/Dresden 2006/CBM 113
ext (1-0, 25). and White completed his development retaining a decisive
material and positional advantage.}) 9. Qd3 {For the time being, it is not
very clear whether the slight weakness of the black queenside induced by ...a6
has any concrete significance. Only the further course of the game will
highlight some of the nuances.} e5 10. Nxe5 Nb4 11. Qd1 $146 ({In my notes to
the previous game, I examined} 11. Qc3 {. There have been some new games in
the meanwhile.} Qxd4 12. O-O ({There is nothing new after} 12. Qxc7 {,
although this looks like a logical try to take advantage of the weakness of
the b6-square, by winning a tempo.}) 12... Qxc3 13. Nxc3 Bd6 14. Nf3 O-O {
It seems that Black's excellent development allows him avoid the usual Catalan
pressure against the queenside.} 15. b3 (15. Rd1 Rb8 16. Nd4 Bd7 17. a3 Nc6 18.
Nxc6 Bxc6 19. Bxc6 bxc6 {. Black's queenside structure is in ruins, but White
cannot complete his development easily. The only reasonable square for the
bishop is e3, but Be3 can always be met by ...Nc4.} 20. Rd2 Rfd8 21. Rc2 Be5
$11 {Khalifman,A (2624)-Landa,K (2608)/Sochi 2007 (1/2-1/2, 27)}) 15... Nc2 16.
Rb1 Na3 17. Rb2 Bb4 18. Bd2 Rd8 19. Rc1 c6 20. Nb1 a5 $132 {L'Ami,E (2594)
-Naiditsch,A (2663)/Netherlands 2007 (1/2-1/2, 67). and it is Black who has
active play on the queenside already.}) 11... Qxd4 12. Qxd4 Nc2+ 13. Kd1 {
Over the past years, Kramnik has frequently given up the right to castle in
the event of an early exchange of queens.} Nxd4 14. Be3 Nf5 ({Strategically,
the consolidation of the knight in the centre with} 14... c5 {looks risky,
because too many light squares would be weakened. In principle, White would
like to exchange on d4 at some moment, obtaining the excellent d3-square for
his e5-knight, but there is no hurry yet.} 15. Nd3 $1 {It is important to put
the c5-pawn under observation.} ({After the careless} 15. Nc3 $6 {Black has}
Nf5 $1) 15... Be7 (15... Nc4 {would only "force" White get a structure that he
is aiming for:} 16. Bxd4 cxd4 17. Nd2 Nd6 18. Rc1 Be7 19. Nc4 $14 {with nice
play on the light squares.}) 16. Nc3 O-O 17. b4 $5 $36 {Suddenly, Black loses
his stability in the centre.}) 15. Bxb6 cxb6 {Finally, we can see the
drawbacks of the early advance of the a-pawn. Without it, Black could have
maintained the integrity of his structure with ...axb6, activating his queen's
rook at the same time. Now, Black has to be careful to avoid excessive
simplifications, because in certain cases (such as pawn endings) he would
practically be a pawn down. Besides, the absence of a pawn on the c-file has
left the d5-square chronically weak. On the other hand, the pair of bishops
offers Black chances for counterplay as well as the possibility of transposing
to drawn opposite coloured bishops endings.} 16. Nc3 Bc5 17. e3 O-O 18. Ke2 {
White has almost completed his development. His king seems to be entirely safe
under the shelter of the compact pawn structure; but things are less simple
than that, as we shall see.} Re8 19. Nd3 Rb8 20. Rhc1 $5 {White concentrates
his forces on the queenside, keeping the a2-pawn safely defended.} ({A more
natural (and, possibly, critical for the assessment of the variation) way to
develop would be} 20. Rac1 Be6 21. Rhd1 {The rooks belong on open files after
all. However, the d1-rook is slightly exposed, as can be seen from the
following variation:} Nxe3 $5 (21... Bf8 {would allow White consolidate in the
centre with} 22. Nf4 Bc4+ 23. Ke1 Bc5 24. Nfd5 $14) 22. fxe3 Bg4+ 23. Kf1 Bxe3
{, transposing to an ending with R+2P vs N+B, which is not easy to assess.})
20... Be6 21. Bd5 {Offering an exchange that Black cannot accept, because it
would leave him in a clearly worse ending.} (21. Nf4 {would once again allow a
tactical operation similar to that from the previous comment:} Bc4+ 22. Ke1
Nxe3 23. fxe3 Bxe3 $13) ({The dynamism of Black's position can also be seen
after the tempting} 21. Na4 Bd4 $1 22. exd4 Bb3+ 23. Kd2 Bxa4 24. d5 Nd6 $11 {
and the safe blockade on d6 Black has little to fear.}) 21... Bd7 22. Ne4 Bf8
23. Rc7 {Apparently, a crushing move. The b7- and f7-squares are put under
strong pressure, while the group of white minor pieces dominate the centre.}
Rbd8 $3 {As often happens, the solution against a slightly premature action
consists of a move completing the development.} 24. Nc3 (24. Rxb7 $2 {loses
material to the unexpected} Bc8 $3 {, although this allows a capture of a pawn
with check (and fork):} 25. Bxf7+ {and suddenly the e4-knight is hanging.} Kh8
26. Bxe8 Bxb7 $17) (24. Bxb7 {is playable, but allows Black simplify to a draw:
} Bb5 25. Rd1 Rxd3 26. Rxd3 Rd8 27. Rcc3 Rd7 $1 28. Bc8 {The only way to
escape perpetual pursuit.} (28. Bc6 $2 Rxd3 $1 $17) (28. Ba8 Rd8 $11) 28...
Rxd3 29. Rxd3 Nd6 30. Nxd6 Bxd6 $11 {and after the exchange on d3 followed by .
..a5 White has no winning chance at all because of the presence of opposite
coloured bishops.}) 24... Nd4+ 25. Kd2 Be6 $1 {A paradoxical move. Given the
specific circumstances, this exchange tends to favour Black, who gets tactial
chances because of the (already) exposed position of the enemy king.} 26. exd4
(26. Bxe6 $2 {loses material after} Nxe6 27. Rc4 b5 {and the rook loses
stability on the 4th rank.} 28. Rh4 Be7 29. Re4 (29. Rg4 f5 $19) 29... b4 30.
Nd1 Rxd3+ 31. Kxd3 Nc5+ 32. Kd4 Rd8+ 33. Ke5 Bd6+ 34. Kf5 g6+ $1 $19 {and
finally the king has to abandon the defence of the rook.}) 26... Bxd5 27. Nxd5
Rxd5 28. Rxb7 b5 {An interesting position. White cannot maintain his extra
pawn, but would just be happy to exchange one pair of rooks, when the
centralised position of his king would ensure him a large advantage in the
endgame. However, this is not easy to achieve and with 4 rooks on board the
position retains middlegame characteristics.} 29. a4 $5 {A remarkable decision.
Understanding that he has failed to obtain an advantage, Kramnik changes the
character of the position in a radical way. Not entirely undeservedly (for his
courage and inventiveness!) the experiment will be crowned by success.} ({
In view of the previous comment,} 29. Re1 $5 Red8 30. Re4 {would practically
force Black weaken his seventh rank with} f5 {but after} 31. Re3 Rxd4 32. Ke2 {
it is unclear how White could take advantage of this small modification.})
29... Rxd4 30. axb5 Red8 (30... axb5 31. Rxb5 Red8 32. Rb3 $16) 31. bxa6 Rxd3+
32. Ke1 $44 {White has sacrificed a knight for the sake of creating a
dangerous passed pawn on the a-file, which can eventually be supported by its
colleague in the near future. Besides, Black has back rank problems, which
delays the moment when he will be able to activate his bishop.} Re8+ (32...
R3d4 {is also playable:} 33. Rc1 Rb4 34. Rcc7 Ra8 35. a7 Rxb7 36. Rxb7 {
and now Black is just in time to activate his bishop in order to... sacrifice
it for the enemy queenside pawns:} g6 37. Kd2 {/\Kc3, b4} Kg7 $1 {/\Bc5} 38. b4
$8 Bxb4+ $1 $11) 33. Kf1 Rdd8 34. a7 Ra8 35. b4 Re7 36. Rxe7 Bxe7 37. b5 Bc5 $2
(37... Bd8 {would have most probably led to a draw:} 38. Ra6 (38. Rd1 Bc7 39.
Rc1 Bd8 $11) 38... Kf8 39. b6 Bxb6 40. Rxb6 Rxa7 $11) 38. Rc1 Bd4 39. Rc4 {
Possibly overlooked by Naiditsch. The bishop has not sufficient space along
the g1-a7-diagonal.} Bxa7 (39... Bb6 {does not change much:} 40. Rc6 Bxa7 (
40... Bd4 41. b6 $18) 41. Ra6 Rb8 42. Rxa7 {transposing to the game.}) 40. Ra4
Rb8 41. Rxa7 Kf8 $2 {Possibly the decisive mistake in a difficult position.} ({
It would have been necessary to clear the seventh rank with} 41... f6 {and
only then activate the king:} 42. Ra5 Kf7 43. Ke2 Ke6 44. Kd3 Kd5 45. Kc3 Kc5 {
when after} 46. Ra7 g5 {the final result remains uncertain.}) 42. Ra5 Ke7 43.
Ke2 Rb6 (43... Kd6 44. Kd3 Kc5 45. Ra7 Rf8 46. Rb7 $18) 44. Kd3 Rd6+ 45. Kc4
$18 Rd2 46. b6 Kd6 47. Rb5 Rc2+ 1-0